Click to Translate - Okinawan - Statistics

General Stats
  • This quiz has been taken 30 times
  • The average score is 15 of 20
Answer Stats
Hint Answer % Correct
Name 名 / なー (nā)
96%
One 一ち / てぃーち (tīchi)
91%
Left 左 / ひじゃい (hijai)
83%
Because から (kara)
83%
Sea 海 /うみ (umi)
83%
Night 夜 / ゆー, ゆる (yū, yuru)
83%
Cloud 雲 / くむ (kumu)
78%
What 何 / ぬー (nū)
78%
Hand 手 / てぃー (tī)
78%
Bird 鳥 / とぅい (tui)
78%
Woman 女子 / ゐなぐ (winagu)
78%
Cold 寒さん / ふぃーさん (fīsan)
74%
Green 青色 / おーるー (ōrū)
74%
To Swim 泳じゅん / っゐーじゅん ('wījun)
74%
Many 多さん / うふさん (ufusan)
70%
Leaf 葉 (ふぁー) (fā)
65%
We 我達 / わったー (wattā)
65%
To Pull 引ちゅん/ ふぃちゅん (fichun)
61%
Earth 土/ んーちゃ (n-cha)
61%
Worm 蚯蚓 / みみじゃー (mimijā)
52%
No matching quizzes found
Score Distribution
Percent of People with Each Score
Percentile by Number Answered
Your Score History
You have not taken this quiz